000 00628nas a2200229 4500
001 BR9101083
003 BR-BrBNA
005 20231205091944.0
007 ta
008 230509b bl.|||p| |||| 00| 00por d
040 _aBR-BrBNA
_bpor
_cBiblioteca Nacional de Agricultura
041 _a(Pt)
072 _aE12
100 1 _aPrati, E.
245 1 _aO trabalho no meio rural
650 _aZONA RURAL
650 _aTRABALHO
650 _aARRENDATARIO
773 0 _tLavoura Arrozeira (Brazil)
_xISSN 0023-9143
_g(Aug 1984), v. 37(353) p. 31-32
_wBR9101083
909 _a202311
_bLúcia
_c55
_dLúcia Elande
942 _2AGRIS
_n0
_cANA
999 _c128344
_d128344